Les sculptures de la Cathédrale de Bourges (façade occidentale) / (Record no. 34642)

MARC details
000 -LEADER
campo de control de longitud fija 00601nam a2200193 i 4500
001 - NÚMERO DE CONTROL
campo de control 34642
003 - IDENTIFICADOR DE NÚMERO DE CONTROL
campo de control ES-MaACL
005 - FECHA Y HORA DE LA ÚLTIMA TRANSACCIÓN
campo de control 20230906154954.0
007 - CAMPO FIJO DE DESCRIPCIÓN FÍSICA--INFORMACIÓN GENERAL
campo de control de longitud fija t|
008 - DATOS DE LONGITUD FIJA--INFORMACIÓN GENERAL
campo de control de longitud fija 030207s1912 fr ||||1| fre d
100 1# - ENTRADA PRINCIPAL--NOMBRE DE PERSONA
Nombre de persona Boinet, Amédée.
9 (RLIN) 29851
245 14 - MENCIÓN DEL TÍTULO
Título Les sculptures de la Cathédrale de Bourges (façade occidentale) /
Mención de responsabilidad, etc. par Amédée Boinet.
260 ## - PUBLICACIÓN, DISTRIBUCIÓN, ETC.
Lugar de publicación, distribución, etc. París :
Nombre del editor, distribuidor, etc. Honoré Champion,
Fecha de publicación, distribución, etc. 1912.
300 ## - DESCRIPCIÓN FÍSICA
Extensión 172 p., 12 lám. ;
Dimensiones 29 cm.
490 1# - MENCIÓN DE SERIE
Mención de serie Revue de l'Art chrétien ;
Designación de volumen o secuencia 1
830 0# - PUNTO DE ACCESO ADICIONAL DE SERIE-TÍTULO UNIFORME
Título uniforme Revue de l'Art chrétien ;
Designación de volumen o secuencia 1
9 (RLIN) 229507
852 ## - LOCALIZACIÓN
Ubicación ES-MaACL
Número de control de estantería G-8131
Holdings
Estatus retirado Estado de pérdida Estado de daño No para préstamo Biblioteca de origen Biblioteca actual Ubicación en estantería Fecha de adquisición Fuente de adquisición Total de préstamos Signatura topográfica completa Código de barras Visto por última vez Precio de reemplazo Tipo de ítem Koha
        Biblioteca del Ateneo de Madrid Biblioteca del Ateneo de Madrid Sala Pecera Planta 3 17/01/2008     G-8131 1036136 23/02/2023 23/02/2023 Libro impreso